5 monuments 1 ville - Statistiques

Statistiques générales
  • Ce quiz a été pris 1 103 fois
  • Le résultat moyen est 9 sur 10
Statistiques - réponses
Monuments Réponse % Correct
Tour Eiffel - Musée Grévin - Obélisque de Louxor - Musée du Louvre - Tour Montparnasse Paris
100%
Tower Bridge - Big Ben - Hyde Park - Trafalgar Square - Westminster Abbey Londres
98%
Empire State Building - Pont de Brooklyn - Central Park - Times Square - Statue de la Liberté New York
98%
Casa Battló - La Pedrera - Arc de Triomphe - Sagrada Familia - Parc Güell Barcelone
93%
Siegessäule - Porte de Brandebourg - Alexanderplatz - Palais du Reichstag - Checkpoint Charlie Berlin
92%
Maracanã - Parque Lage - Christ rédempteur - Copacabana - Escalier Selarón Rio de Janeiro
92%
Mosquée Jumeirah - Burj-al-Arab - Palm Jumeirah - Burj Khalifa - Musée du futur Dubaï
88%
Musée van Gogh - NEMO - Rijksmuseum - museum Rembrandthuis - Johan Cruyff Arena Amsterdam
87%
Cité Interdite - Temple du Ciel - Grande Muraille - Parc Beihai - Lama Temple Pékin
87%
La Scala - Il Duomo - Stadio San Siro - Castello Sforzesco - Galleria Vittorio Emanuele II Milan
85%
Aucun quiz correspondant
Distribution des résultats
% des personnes avec chaque résultat
Percentile par nombre de réponses
Votre historique - résultats
Vous n’avez pas pris ce quiz